[Event "BL2 Gr2 0304 (Women)"]
[Site "Germany"]
[Date "2003.11.29"]
[Round "3.2"]
[White "Heymann, Ulrike"]
[Black "Just, Gabriele"]
[Result "0-1"]
[WhiteElo "2028"]
[BlackElo "2028"]
[PlyCount "102"]
[EventDate "2003.10.25"]
[EventType "team-tourn"]
[EventRounds "7"]
[EventCountry "GER"]
[SourceTitle "EXT 2006"]
[Source "ChessBase"]
[SourceDate "2005.11.24"]
[SourceVersion "1"]
[SourceVersionDate "2005.11.24"]
[SourceQuality "1"]
[WhiteTeam "Rodewisch (W) II"]
[BlackTeam "Leipzig Mitte (W)"]
[WhiteTeamCountry "GER"]
[BlackTeamCountry "GER"]

1. e4 e6 2. d4 d5 3. e5 c5 4. c3 Bd7 5. Nf3 Qb6 6. Be2 cxd4 7. cxd4 Bb4+ 8. Nc3 Bb5 9. 0-0 Bxe2 10. Nxe2 Nc6 11. Ng3 h5 12. h4 Be7 13. b3 a5 14. Be3 Ba3 15. Bc1 Be7 16. a3 Qd8 17. Bg5 Qb6 18. Be3 Qd8 19. Ng5 g6 20. Qd3 Qd7 21. Ne2 Nh6 22. b4 axb4 23. axb4 Rxa1 24. Rxa1 Bxb4 25. Ra8+ Nd8 26. Nf4 Nf5 27. Qb3 Be7 28. g3 0-0 29. Ra7 Qc6 30. Nf3 Nxe3 31. fxe3 Qc4 32. Qb1 Kg7 33. Ng5 Bxg5 34. hxg5 Qc3 35. Kf2 Re8 36. Ra2 Re7 37. Ra8 Nc6 38. Qd1 Rc7 39. Qf3 Qc2+ 40. Ne2 Qf5 41. Qxf5 gxf5 42. Nf4 Ne7 43. Nxh5+ Kg6 44. Nf4+ Kxg5 45. Rh8 Ng6 46. Rg8 b5 47. Nxg6 fxg6 48. Rb8 Kg4 49. Rxb5 Rc2+ 50. Ke1 Kf3 51. Rb3 Re2+ 0-1

[Event "BL 0001 (Women) playoff 1st place"]
[Site "Germany"]
[Date "2001.05.06"]
[Round "?.5"]
[White "Heymann, Ulrike"]
[Black "Lanchava, Tea"]
[Result "0-1"]
[WhiteElo "2213"]
[BlackElo "2272"]
[PlyCount "72"]
[EventDate "2001.05.06"]
[EventType "team-match"]
[EventRounds "1"]
[EventCountry "GER"]
[SourceTitle "CBM 082 Extra"]
[Source "ChessBase"]
[SourceDate "2001.07.03"]
[SourceVersion "1"]
[SourceVersionDate "2001.07.03"]
[SourceQuality "1"]
[WhiteTeam "Dresden (W)"]
[BlackTeam "Emsdetten Turm (W)"]
[WhiteTeamCountry "GER"]
[BlackTeamCountry "GER"]

1. e4 g6 2. d4 d6 3. Nc3 Bg7 4. f4 Nf6 5. Nf3 0-0 6. Be2 Na6 7. 0-0 c5 8. e5 Ne8 9. dxc5 Nxc5 10. Be3 b6 11. Qd2 Bb7 12. Rad1 Qc8 13. Qe1 dxe5 14. fxe5 Nc7 15. Qh4 Qe8 16. Bc4 N5e6 17. Kh1 Kh8 18. Bh6 b5 19. Nxb5 Bxf3 20. Nxc7 Bxg2+ 21. Kxg2 Qc6+ 22. Bd5 Qxc2+ 23. Rd2 Qxc7 24. Bxa8 Rxa8 25. Rxf7 Qc6+ 26. Kh3 Bxh6 27. Qxh6 Ng5+ 28. Qxg5 Qe6+ 29. Qg4 Qxf7 30. e6 Qf1+ 31. Rg2 Rf8 32. Qd4+ Kg8 33. Qd5 Rf3+ 34. Kh4 Qxg2 35. Qd8+ Rf8 36. Qxe7 Rf4# 0-1

[Event "EU-ch (Women) 2nd"]
[Site "Warsaw"]
[Date "2001.04.30"]
[Round "8"]
[White "Heymann, Ulrike"]
[Black "Sudakova, Irina"]
[Result "0-1"]
[WhiteElo "2188"]
[BlackElo "2256"]
[PlyCount "64"]
[EventDate "2001.04.22"]
[EventType "swiss"]
[EventRounds "11"]
[EventCountry "POL"]
[SourceTitle "CBM 082 Extra"]
[Source "ChessBase"]
[SourceDate "2001.07.03"]
[SourceVersion "1"]
[SourceVersionDate "2001.07.03"]
[SourceQuality "1"]

1. e4 c5 2. Nf3 d6 3. d4 cxd4 4. Nxd4 Nf6 5. Nc3 Nc6 6. Bg5 e6 7. Qd2 a6 8. 0-0-0 Bd7 9. f4 b5 10. Bxf6 gxf6 11. Nxc6 Bxc6 12. Bd3 Qb6 13. Rhe1 h5 14. Kb1 0-0-0 15. Ne2 Kb8 16. c4 bxc4 17. Bxc4 Bxe4+ 18. Ka1 d5 19. Nc3 Bb4 20. Qe2 Bxc3 21. bxc3 Qc6 22. Qb2+ Ka8 23. Bd3 Rb8 24. Qa3 Bxd3 25. Rxd3 Rhg8 26. c4 Rxg2 27. cxd5 Qc4 28. dxe6 Rxa2+ 29. Qxa2 Qxd3 30. Qg2+ Rb7 31. Qg8+ Ka7 32. Qg3 Qd4+ 0-1

[Event "ENG-GER m (Women)"]
[Site "Battle Abbey"]
[Date "2001.02.24"]
[Round "10"]
[White "Buckley, Melanie"]
[Black "Heymann, Ulrike"]
[Result "1-0"]
[WhiteElo "2114"]
[BlackElo "2216"]
[PlyCount "22"]
[EventDate "2001.02.17"]
[EventType "team"]
[EventRounds "10"]
[EventCountry "ENG"]
[SourceTitle "CBM 080 Extra"]
[Source "ChessBase"]
[SourceDate "2001.03.08"]
[SourceVersion "1"]
[SourceVersionDate "2001.03.08"]
[SourceQuality "1"]

1. e4 d6 2. Nc3 g6 3. g3 Bg7 4. Bg2 Nc6 5. d3 e5 6. f4 exf4 7. Bxf4 Nge7 8. Qd2 Nd4 9. Nf3 Nxf3+ 10. Bxf3 Bh3 11. Bh6 Qd7 1-0

[Event "ENG-GER m (Women)"]
[Site "Battle Abbey"]
[Date "2001.02.18"]
[Round "2"]
[White "Richards, Heather"]
[Black "Heymann, Ulrike"]
[Result "1-0"]
[WhiteElo "2133"]
[BlackElo "2216"]
[PlyCount "67"]
[EventDate "2001.02.17"]
[EventType "team"]
[EventRounds "10"]
[EventCountry "ENG"]
[SourceTitle "CBM 080 Extra"]
[Source "ChessBase"]
[SourceDate "2001.03.08"]
[SourceVersion "1"]
[SourceVersionDate "2001.03.08"]
[SourceQuality "1"]

1. e4 c5 2. c3 Nf6 3. e5 Nd5 4. Nf3 e6 5. d4 cxd4 6. cxd4 d6 7. Bc4 Bd7 8. Qe2 Bc6 9. 0-0 Nd7 10. Re1 dxe5 11. dxe5 Bc5 12. a3 a5 13. Bd2 Qc7 14. Bd3 Ba7 15. Nc3 Nxc3 16. Bxc3 0-0 17. Bxh7+ Kxh7 18. Ng5+ Kg8 19. Qh5 Rfe8 20. Qxf7+ Kh8 21. Rad1 Bxf2+ 22. Qxf2 Nf8 23. Rd3 Kg8 24. Qh4 g6 25. Rh3 Qg7 26. Rf1 Re7 27. b4 Rc8 28. bxa5 Bd5 29. Bb4 Rec7 30. Ne4 Rf7 31. Rxf7 Rc1+ 32. Rf1 Rxf1+ 33. Kxf1 Qxe5 34. Nf6+ 1-0

[Event "ENG-GER m (Women)"]
[Site "Battle Abbey"]
[Date "2001.02.17"]
[Round "1"]
[White "Heymann, Ulrike"]
[Black "Lalic, Susan"]
[Result "0-1"]
[WhiteElo "2216"]
[BlackElo "2318"]
[PlyCount "96"]
[EventDate "2001.02.17"]
[EventType "team"]
[EventRounds "10"]
[EventCountry "ENG"]
[SourceTitle "CBM 080 Extra"]
[Source "ChessBase"]
[SourceDate "2001.03.08"]
[SourceVersion "1"]
[SourceVersionDate "2001.03.08"]
[SourceQuality "1"]

1. e4 e6 2. d4 d5 3. Nc3 Bb4 4. e5 c5 5. a3 Bxc3+ 6. bxc3 Qa5 7. Qd2 Nc6 8. Nf3 Nge7 9. a4 Nf5 10. Bd3 cxd4 11. Bxf5 exf5 12. cxd4 Be6 13. c3 0-0 14. Ba3 Rfc8 15. 0-0 Qd8 16. Qf4 Na5 17. Bb4 b6 18. h4 Nc4 19. h5 h6 20. Rfb1 Rc6 21. a5 Nxa5 22. Bxa5 bxa5 23. Rb5 Ra6 24. Qd2 Rc8 25. Qb2 f4 26. Qd2 a4 27. Ra3 Qe7 28. Rb4 Bg4 29. Qxf4 Rxc3 30. Rxc3 Qxb4 31. Rc7 Be6 32. Qc1 Qb8 33. Rc3 Rb6 34. Kh2 Rb3 35. Rc5 Rb2 36. Ne1 Rxf2 37. Nd3 Rf5 38. Nf4 Qb7 39. g4 Rxf4 40. Qxf4 a3 41. Rc2 Qb3 42. Rg2 a2 43. Qc1 Qb1 44. Rg1 Qe4 45. Qa3 Qxd4 46. Qxa2 Bxg4 47. Re1 Qf4+ 48. Kh1 Bf3+ 0-1

[Event "BL 0001 (Women)"]
[Site "Germany"]
[Date "2001.??.??"]
[Round "6.6"]
[White "Heymann, Ulrike"]
[Black "Moingt, Anne"]
[Result "1-0"]
[WhiteElo "2213"]
[BlackElo "2135"]
[PlyCount "63"]
[EventDate "2000.10.??"]
[EventType "team-tourn"]
[EventRounds "11"]
[EventCountry "GER"]
[SourceTitle "CBM 082 Extra"]
[Source "ChessBase"]
[SourceDate "2001.07.03"]
[SourceVersion "1"]
[SourceVersionDate "2001.07.03"]
[SourceQuality "1"]
[WhiteTeam "Dresden (W)"]
[BlackTeam "Karlsruhe (W)"]
[WhiteTeamCountry "GER"]
[BlackTeamCountry "GER"]

1. e4 c5 2. Nf3 d6 3. d4 cxd4 4. Nxd4 Nf6 5. Nc3 Nc6 6. Bg5 e6 7. Qd2 a6 8. 0-0-0 h6 9. Be3 Bd7 10. f3 b5 11. Kb1 Ne5 12. Bd3 b4 13. Nce2 d5 14. exd5 Nxd5 15. Bf2 Nxd3 16. Qxd3 Nf6 17. g4 Be7 18. h4 Nd5 19. g5 Qa5 20. Bg3 Rc8 21. f4 Qb6 22. Ka1 Bb5 23. Qe4 Bxe2 24. Qxe2 hxg5 25. fxg5 g6 26. Rhe1 a5 27. Nxe6 fxe6 28. Rxd5 Rxc2 29. Qxc2 exd5 30. Qc8+ Qd8 31. Qe6 Kf8 32. Qxg6 1-0

[Event "Oberliga Ost-A 0001"]
[Site "Germany"]
[Date "2000.12.10"]
[Round "4.5"]
[White "Heymann, Ulrike"]
[Black "Hamann, Sven"]
[Result "1-0"]
[WhiteElo "2213"]
[BlackElo "2204"]
[PlyCount "85"]
[EventDate "2000.10.15"]
[EventType "team"]
[EventRounds "11"]
[EventCountry "GER"]
[SourceTitle "EXT 2002"]
[Source "ChessBase"]
[SourceDate "2001.11.25"]
[SourceVersion "1"]
[SourceVersionDate "2001.11.25"]
[SourceQuality "1"]
[WhiteTeam "Dresden II"]
[BlackTeam "Halle USV"]
[WhiteTeamCountry "GER"]
[BlackTeamCountry "GER"]

1. e4 c5 2. Nf3 Nc6 3. d4 cxd4 4. Nxd4 Nf6 5. Nc3 e5 6. Ndb5 d6 7. Bg5 a6 8. Na3 b5 9. Nd5 Be7 10. Bxf6 Bxf6 11. c3 0-0 12. Nc2 Bg5 13. a4 bxa4 14. Rxa4 a5 15. Bc4 Bb7 16. 0-0 Nb8 17. Qd3 Nd7 18. b4 axb4 19. Rxa8 Bxa8 20. cxb4 Nb6 21. Nxb6 Qxb6 22. Ra1 Bb7 23. Bd5 g6 24. g3 Rc8 25. Ra5 Bxd5 26. Rxd5 Qc7 27. Ne3 Bxe3 28. Qxe3 Qc1+ 29. Qxc1 Rxc1+ 30. Kg2 Rc4 31. b5 Rxe4 32. Rxd6 Kg7 33. b6 Rb4 34. Kf3 h5 35. h4 Kf8 36. Rc6 Kg7 37. Ke3 Kf8 38. Kd3 e4+ 39. Kc3 Rb1 40. Kd4 Rb4+ 41. Kc5 Rb2 42. Kd6 Rxf2 43. b7 1-0

[Event "BL 9900 (Women)"]
[Site "Germany"]
[Date "2000.03.05"]
[Round "9.5"]
[White "Berglitz, Regina"]
[Black "Heymann, Ulrike"]
[Result "0-1"]
[WhiteElo "2132"]
[BlackElo "2195"]
[PlyCount "114"]
[EventDate "1999.10.16"]
[EventType "team-tourn"]
[EventRounds "11"]
[EventCountry "GER"]
[SourceTitle "CBM 075 Extra"]
[Source "ChessBase"]
[SourceDate "2000.05.11"]
[SourceVersion "2"]
[SourceVersionDate "2000.05.11"]
[SourceQuality "1"]
[WhiteTeam "Hamburger SK"]
[BlackTeam "Dresden SC (W)"]
[WhiteTeamCountry "GER"]
[BlackTeamCountry "GER"]

1. e4 c5 2. Nf3 d6 3. d4 cxd4 4. Qxd4 a6 5. c4 Nc6 6. Qd2 Nf6 7. Nc3 e6 8. b3 Be7 9. Bb2 0-0 10. Be2 Qc7 11. 0-0 b6 12. Rfd1 Bb7 13. Rac1 Na7 14. Bd3 Rad8 15. Qe2 Qb8 16. Nd4 Rfe8 17. Kh1 d5 18. cxd5 exd5 19. e5 Bc5 20. Na4 Rxe5 21. Qf3 Ne4 22. Nxc5 bxc5 23. Ne2 d4 24. Bxe4 Bxe4 25. Qg4 h5 26. Qh4 Bg6 27. Ng3 Rde8 28. Ba3 Qb5 29. Bb2 Qa5 30. h3 Qxa2 31. f4 Rd5 32. Re1 Rc8 33. f5 Bxf5 34. Nxf5 Rxf5 35. Bxd4 cxd4 36. Rxc8+ Nxc8 37. g4 Qf2 38. Re8+ Kh7 39. Qxf2 Rxf2 40. Rxc8 hxg4 41. hxg4 Rf4 42. Rc6 Rf6 43. Rc7 Kg6 44. Rd7 Rf4 45. Rd6+ Kg5 46. Rxa6 Kxg4 47. Kg2 Kf5 48. Kg3 Ke4 49. b4 Rf3+ 50. Kg4 f5+ 51. Kg5 Rg3+ 52. Kh4 Rb3 53. Re6+ Kf4 54. Rg6 d3 55. Rxg7 d2 56. Rd7 Rb1 57. Rxd2 Rh1+ 0-1

[Event "Leutersdorf Muench Braeu op 05th"]
[Site "Leutersdorf"]
[Date "2000.02.16"]
[Round "6"]
[White "Seifert, Volker"]
[Black "Heymann, Ulrike"]
[Result "0-1"]
[WhiteElo "2108"]
[BlackElo "2189"]
[PlyCount "114"]
[EventDate "2000.02.13"]
[EventType "swiss"]
[EventRounds "9"]
[EventCountry "GER"]
[SourceTitle "EXT 2001"]
[Source "ChessBase"]
[SourceDate "2000.11.22"]
[SourceVersion "1"]
[SourceVersionDate "2000.11.22"]
[SourceQuality "1"]

1. d4 Nf6 2. c4 g6 3. Nc3 Bg7 4. e4 d6 5. Be2 0-0 6. Bg5 Na6 7. h4 h6 8. Be3 e5 9. d5 c6 10. h5 g5 11. f3 cxd5 12. cxd5 Bd7 13. g4 Qa5 14. a3 Rfc8 15. b4 Nxb4 16. axb4 Qxb4 17. Bd2 Rxc3 18. Rb1 Qd4 19. Bxc3 Qxc3+ 20. Qd2 Qc7 21. Bd3 Bc8 22. Ne2 Nd7 23. 0-0 Nc5 24. Nc1 Bf6 25. Nb3 Nxb3 26. Rxb3 Bd8 27. Rc1 Qa5 28. Qxa5 Bxa5 29. Ra1 Bd8 30. Kg2 Kf8 31. Kf1 Ke7 32. Ke2 Bc7 33. Ra2 Kd8 34. Ra1 a6 35. Ra2 Rb8 36. Rb1 b5 37. Kd2 Bb6 38. Ke2 Bd4 39. Kd2 Kc7 40. Rc1+ Bc5 41. Rb1 Kb6 42. Kc2 Bd7 43. Rab2 Bd4 44. Rb3 Rc8+ 45. Kd1 Rc5 46. Rc1 a5 47. Rxc5 Bxc5 48. Rb1 b4 49. Bc4 Bb5 50. Bxb5 Kxb5 51. Kc2 a4 52. Kb2 b3 53. Kc3 Bd4+ 54. Kd3 Kb4 55. f4 f6 56. fxg5 fxg5 57. Rf1 a3 0-1

[Event "BCF-chT2 9899 (4NCL)"]
[Site "England"]
[Date "1999.05.03"]
[Round "11.2"]
[White "Heymann, Ulrike"]
[Black "Headlong, Timothy"]
[Result "1/2-1/2"]
[WhiteElo "2156"]
[BlackElo "2270"]
[PlyCount "42"]
[EventDate "1998.10.??"]
[EventType "team"]
[EventRounds "11"]
[EventCountry "ENG"]
[SourceTitle "EXT 2000"]
[Source "ChessBase"]
[SourceDate "1999.11.16"]
[SourceVersion "1"]
[SourceVersionDate "1999.11.16"]
[SourceQuality "1"]
[WhiteTeam "Gwent Dragons"]
[BlackTeam "Witney"]
[WhiteTeamCountry "ENG"]
[BlackTeamCountry "ENG"]

1. e4 c5 2. Nf3 Nc6 3. d4 cxd4 4. Nxd4 g6 5. Nc3 Bg7 6. Be3 Nf6 7. Bc4 Qa5 8. 0-0 0-0 9. Nb3 Qc7 10. f4 d6 11. Be2 b6 12. Bf3 Bb7 13. a4 Na5 14. Nxa5 bxa5 15. Rc1 Bc6 16. b3 Rfd8 17. Nd5 Qb7 18. Re1 e6 19. Nxf6+ Bxf6 20. Bd4 Bxd4+ 21. Qxd4 Qb6 1/2-1/2

[Event "BCF-chT2 9899 (4NCL)"]
[Site "England"]
[Date "1999.05.01"]
[Round "9.3"]
[White "Hadzimanolis, Antonios"]
[Black "Heymann, Ulrike"]
[Result "1-0"]
[WhiteElo "2190"]
[BlackElo "2156"]
[PlyCount "63"]
[EventDate "1998.10.??"]
[EventType "team"]
[EventRounds "11"]
[EventCountry "ENG"]
[SourceTitle "EXT 2000"]
[Source "ChessBase"]
[SourceDate "1999.11.16"]
[SourceVersion "1"]
[SourceVersionDate "1999.11.16"]
[SourceQuality "1"]
[WhiteTeam "BIG II"]
[BlackTeam "Gwent Dragons"]
[WhiteTeamCountry "ENG"]
[BlackTeamCountry "ENG"]

1. e4 d6 2. d4 Nf6 3. Nc3 g6 4. f4 Bg7 5. Be2 0-0 6. Nf3 c5 7. d5 e6 8. dxe6 Bxe6 9. Ng5 Re8 10. 0-0 Nc6 11. f5 Bc8 12. Bf4 Ne5 13. Bxe5 Rxe5 14. Bc4 d5 15. exd5 Rxf5 16. Rxf5 Bxf5 17. d6 Ng4 18. Nxf7 Qh4 19. Ne5+ Kh8 20. Nf7+ Kg8 21. Ne5+ Kf8 22. Nxg4 Bd4+ 23. Kh1 Bxg4 24. Qe1 Bf2 25. Qe5 Bd4 26. Rf1+ Bf5 27. Qd5 Kg7 28. Qxb7+ Kh6 29. Qxa8 Be5 30. Qf8+ Bg7 31. Qe7 Qxc4 32. Qe3+ 1-0

[Event "Dresden (Women)"]
[Site "Dresden"]
[Date "1999.??.??"]
[Round "?"]
[White "Duppel, Tina"]
[Black "Heymann, Ulrike"]
[Result "0-1"]
[WhiteElo "2095"]
[BlackElo "2195"]
[PlyCount "70"]
[EventDate "1999.07.??"]
[EventType "tourn"]
[EventRounds "9"]
[EventCountry "GER"]
[EventCategory "1"]
[SourceTitle "EXT 2000"]
[Source "ChessBase"]
[SourceDate "1999.11.16"]
[SourceVersion "1"]
[SourceVersionDate "1999.11.16"]
[SourceQuality "1"]

1. e4 d6 2. d4 Nf6 3. Nc3 g6 4. f3 c6 5. Be3 b5 6. g4 h5 7. g5 Nfd7 8. h4 Bg7 9. Qd2 0-0 10. Rd1 Nb6 11. b3 f5 12. gxf6 Bxf6 13. Qg2 Kh7 14. e5 Bg7 15. Bd3 Bf5 16. Nh3 Qc8 17. Rg1 dxe5 18. dxe5 Bxe5 19. Ne4 Nd5 20. Qg5 Nxe3 21. Qxe7+ Bg7 22. Nhg5+ Kg8 23. Nd6 Qd7 24. Qxe3 Bxd3 25. Rxd3 Na6 26. Nge4 Nb4 27. Rd2 Qe6 28. Qc5 Nxa2 29. Re2 Rad8 30. Qxc6 Rxf3 31. Qc7 Rd7 32. Qc8+ Rf8 33. Nf6+ Qxf6 34. Qxd7 Qa1+ 35. Kd2 Qd4+ 0-1

[Event "Dresden (Women)"]
[Site "Dresden"]
[Date "1999.??.??"]
[Round "?"]
[White "Lomineishvili, Maia"]
[Black "Heymann, Ulrike"]
[Result "1-0"]
[WhiteElo "2385"]
[BlackElo "2195"]
[PlyCount "99"]
[EventDate "1999.07.??"]
[EventType "tourn"]
[EventRounds "9"]
[EventCountry "GER"]
[EventCategory "1"]
[SourceTitle "EXT 2000"]
[Source "ChessBase"]
[SourceDate "1999.11.16"]
[SourceVersion "1"]
[SourceVersionDate "1999.11.16"]
[SourceQuality "1"]

1. d4 g6 2. c4 Bg7 3. Nc3 Nf6 4. e4 d6 5. Be2 0-0 6. Nf3 e5 7. 0-0 Nc6 8. d5 Ne7 9. b4 Nh5 10. Re1 a5 11. bxa5 Rxa5 12. a4 Nf4 13. Bf1 f5 14. Bxf4 exf4 15. e5 dxe5 16. Nxe5 Qd6 17. Qe2 f3 18. gxf3 f4 19. Nb5 Qf6 20. Nxc7 Qg5+ 21. Kh1 Rf5 22. Ng4 Bxa1 23. Qxe7 Qxe7 24. Rxe7 Bg7 25. Ne8 Rf7 26. Nef6+ Rxf6 27. Nxf6+ Bxf6 28. Re8+ Kf7 29. Rxc8 Rxa4 30. Rc7+ Kf8 31. c5 Ra1 32. Kg2 Ra2 33. Rc8+ Kg7 34. Rc7+ Kf8 35. Bc4 Rc2 36. Bb3 Rc3 37. Rxb7 Rxc5 38. d6 Bg5 39. Rb8+ Kg7 40. d7 Rc3 41. Bd5 Rc7 42. d8Q Bxd8 43. Rxd8 Kf6 44. Rf8+ Kg5 45. Rf7 Rxf7 46. Bxf7 Kh4 47. Bg8 h6 48. Bf7 Kg5 49. Kh3 h5 50. Be8 1-0

[Event "Aeskulap op 15th"]
[Site "Goerlitz"]
[Date "1998.??.??"]
[Round "2"]
[White "Heymann, Ulrike"]
[Black "Bogdanovich, Grigory Grigorievic"]
[Result "1/2-1/2"]
[WhiteElo "2130"]
[BlackElo "2400"]
[PlyCount "110"]
[EventDate "1998.03.??"]
[EventType "swiss"]
[EventRounds "7"]
[EventCountry "GER"]
[SourceTitle "EXT 1999"]
[Source "ChessBase"]
[SourceDate "1998.11.16"]
[SourceVersion "1"]
[SourceVersionDate "1998.11.16"]
[SourceQuality "1"]

1. e4 c5 2. Nf3 Nf6 3. e5 Nd5 4. Nc3 Nxc3 5. bxc3 d5 6. Be2 Nc6 7. 0-0 Bg4 8. c4 dxc4 9. Bxc4 e6 10. Bb2 Be7 11. d3 0-0 12. Qe2 Qc7 13. Qe4 Bf5 14. Qe2 Rfd8 15. Nd2 Na5 16. a4 a6 17. f4 b5 18. Ba2 c4 19. Ne4 Bxe4 20. Qxe4 cxd3 21. cxd3 Qc2 22. Bd4 Rac8 23. Kh1 Nb3 24. Bxb3 Qxb3 25. axb5 Qxb5 26. f5 Qd5 27. Bb6 Qxe4 28. dxe4 Re8 29. Rxa6 Rc6 30. Rfa1 f6 31. h3 exf5 32. exf5 fxe5 33. Bf2 Rxa6 34. Rxa6 Bg5 35. g3 e4 36. Kg2 Bd2 37. Kf1 e3 38. Be1 e2+ 39. Kf2 Bxe1+ 40. Kxe1 Re3 41. g4 Rxh3 42. Kxe2 Rg3 43. Ra4 Kf7 44. Kf2 Rb3 45. Ra6 Rc3 46. Kg2 Rd3 47. Kf2 Ke7 48. Re6+ Kf7 49. Ra6 Rc3 50. Kg2 Ke7 51. Re6+ Kd7 52. Ra6 Ke7 53. Re6+ Kf7 54. Ra6 Rc5 55. Kg3 Rc3+ 1/2-1/2

[Event "BL 9798 (Women)"]
[Site "Germany"]
[Date "1998.??.??"]
[Round "?.4"]
[White "Heymann, Ulrike"]
[Black "Fuchs, Antje"]
[Result "0-1"]
[WhiteElo "2125"]
[BlackElo "2105"]
[PlyCount "42"]
[EventDate "1997.10.??"]
[EventType "team-tourn"]
[EventRounds "11"]
[EventCountry "GER"]
[SourceTitle "EXT 1999"]
[Source "ChessBase"]
[SourceDate "1998.11.16"]
[SourceVersion "1"]
[SourceVersionDate "1998.11.16"]
[SourceQuality "1"]
[WhiteTeam "Dresden (W)"]
[BlackTeam "Gera"]
[WhiteTeamCountry "GER"]
[BlackTeamCountry "GER"]

1. e4 c5 2. Nf3 d6 3. d4 cxd4 4. Nxd4 Nf6 5. Nc3 a6 6. Bc4 Qc7 7. Qe2 e6 8. Bb3 Nc6 9. Be3 Be7 10. 0-0-0 Na5 11. f4 b5 12. f5 e5 13. Nf3 Nxb3+ 14. axb3 Bb7 15. Nd5 Bxd5 16. exd5 0-0 17. Ne1 a5 18. g4 a4 19. g5 Ne4 20. Qg4 a3 21. bxa3 Qc3 0-1